00553nam a2200145Ia 4500008004100000041000800041082001600049100002100065245003800086260005500124300000900179700004400188999001700232952015800249230125s9999 xx 000 0 und d aeng a658.81bSOO aSood A K9115806 aSales and Distribution Management c2010bSymbiosis centre for distance learningaPune a464p aSood A K & Nandini Madan, Donor9115807 c93603d93603 00104070aHIMRbHIMRd2015-06-16eDonated Book- Outside Donarg1.00o658.81 SOO DB1964pHIMR-DB-1964r2023-01-25 00:00:00v1.00w2023-01-25yDBzDB1964